Culture Générale - Série 291 - Statistiques

Statistiques générales
  • Ce quiz a été pris 230 fois
  • Le résultat moyen est 7 sur 10
Statistiques - réponses
Question Réponse % Correct
Quel nombre s'écrit IX en chiffres romains ? 9
98%
En Amérique du Nord, au cours de quelle saison a lieu l'été indien ? L'automne
93%
Sans compter la clé, combien de chiffres a un n° de Sécurité sociale ? 13
89%
Quelle partie du corps du Minotaure est celle d'un taureau ? La tête
88%
A quel groupe ont appartenu Jean-Louis Aubert et Louis Bertignac ? Téléphone
82%
En Formule 1, quel drapeau signale à un pilote qu'il a une pénalité ? Un drapeau noir
61%
Qu'est-ce qu'une babouchka pour les Russes ? Une grand-mère
46%
Quelle actrice mythique est l'héroïne du film "Bus Stop" en 1956 ? Marilyn Monroe
43%
Sur quelle place parisienne est situé le ministère de l'Intérieur ? Place Beauvau
42%
En 1952, qui joue Manda, l'amoureux de "Casque d'or" ? Serge Reggiani
16%
Aucun quiz correspondant
Distribution des résultats
% des personnes avec chaque résultat
Percentile par nombre de réponses
Votre historique - résultats
Vous n’avez pas pris ce quiz